000
00280nam a2200133Ia 4500
008
100328s9999 xx 000 0 und d
082
_b
56339
100
_a
Creamer Howard
245
_a
Babe
260
_b
Simon & Schuster
630
_a
Babe
730
_a
Babe
942
_c
BOOK
999
_c
542915
_d
542912